000
00279nam a22001337a 4500
008
181008b xxu||||| |||| 00| 0 eng d
020
_a
9780137131815
041
_a
eng
080
_a
821
100
_a
21
101
_a
GJL
245
_a
Prose Style
_c
Miles, R
942
_2
udc
_c
BK
999
_c
49071
_d
49071